| 000 | 00736nam a22002057a 4500 | ||
|---|---|---|---|
| 005 | 20220811095107.0 | ||
| 008 | 220811b ||||| |||| 00| 0 ger d | ||
| 020 | _a9783518296066 | ||
| 050 | 0 | 4 |
_aPT2603 _bB63 2019 |
| 100 | 1 | _aBöckenförde, Ernst-Wolfgang | |
| 245 | 1 | 0 |
_aWissenschaft, Politik, Verfassungsgericht / _cAufsätze von Ernst-Wolfgang Böckenförde; Biographisches Interview von Dieter Gosewinkel |
| 250 | _a3a ed. | ||
| 260 |
_aBerlin : _bSuhrkamp, _c2011. |
||
| 300 |
_a450 p. ; _c18 cm. |
||
| 490 | 0 |
_aSuhrkamp-Taschenbuch Wissenschaft, _v2006 |
|
| 504 | _aIncluye índice | ||
| 650 | 7 |
_2lemb _aLibros de lectura _vLey constitucional _xAlemán |
|
| 700 | 1 |
_aGosewinkel, Dieter _eentrevistador |
|
| 942 |
_2lcc _cLIB |
||
| 999 |
_c163651 _d163649 |
||